00706cam a22002174a 4500008004100000020002200041050001900063100002000082245011300102250001200215260002800227300004600255504004100301500002000342650005800362700002200420700001900442003000100461005001700462040000900479  a0256063311 (pbk.)00aHF5415.33bHAW1 aHawkins, Del I.10aConsumer behavior :bimplications for marketing strategy /cDel I. Hawkins, Roger J. Best, Kenneth A. Coney. a4th ed. aBoston :bIrwin,c1989. axviii, 796p. :bill. (some col.) ;c24cm. aIncludes bibliographical references. aIncludes index. 0aConsumer behaviorvMarketing strategyxUnited States. aConey, Kenneth A.1 aBest, Roger J.20230123125035.0 cNUST